AHL Teams - Statistics

General Stats
  • This quiz has been taken 150 times
  • The average score is 16 of 31
Answer Stats
Division Answer % Correct
North Toronto Marlies
90%
Pacific San Diego Gulls
80%
North Cleveland Monsters
70%
Pacific Ontario Reign
70%
North Belleville Senators
60%
North Binghamton Devils
60%
Central Chicago Wolves
60%
Atlantic Hershey Bears
60%
North Laval Rocket
60%
Central Manitoba Moose
60%
Atlantic Providence Bruins
60%
Central Rockford IceHogs
60%
Pacific San Jose Barracuda
60%
Central Texas Stars
60%
North Utica Comets
60%
Central Grand Rapids Griffins
50%
Atlantic Hartford Wolf Pack
50%
Pacific Henderson Silver Knights
50%
Central Iowa Wild
50%
Atlantic Lehigh Valley Phantoms
50%
Central Milwaukee Admirals
50%
North Rochester Americans
50%
Pacific Stockton Heat
50%
Pacific Tucson Roadrunners
50%
Atlantic Wilkes-Barre Scranton Penguins
50%
Atlantic Bridgeport Sound Tigers
40%
North Syracuse Crunch
40%
Pacific Bakersfield Condors
30%
Atlantic Charlotte Checkers
30%
Pacific Colorado Eagles
20%
Atlantic Springfield Thunderbirds
10%
No matching quizzes found
Score Distribution
Percent of People with Each Score
Percentile by Number Answered
Your Score History
You have not taken this quiz